000 00693nam a22002057a 4500
003 NUST
005 20220830155347.0
008 190626b ||||| |||| 00| 0 eng d
038 _aMr. Noman Tariq
082 _a621.3
100 _4Tariq, Abdullah
245 _a3D Digitization and Mapping of Heritage Monuments Using Low Cost Light Weight Unmanned Aerial Vehicle (UAV) /
_cAbdullah Tariq
260 _aIslamabad :
_bSEECS NUST,
_c2018.
300 _aIX, 53 P. : Ill. :
_c35 cm.
500 _aHard Cover.
600 _aElectrical Engineering -Ms Thesis
_915630
700 _aAbdullah Tariq
_915626
856 _uhttp://10.250.8.41:8080/xmlui/handle/123456789/16561
942 _2ddc
_cTHE
999 _c524835
_d524835